Creating best value options in defence procurement : (Record no. 146817)

MARC details
000 -LEADER
fixed length control field 00630nam a22001817a 4500
005 - DATE AND TIME OF LATEST TRANSACTION
control field 20171025104537.0
010 ## - LCCN (DPL NO)
LC control number ENG-121059
020 ## - INTERNATIONAL STANDARD BOOK NUMBER
Terms of availability 480.00
International Standard Book Number 9789383649686
035 ## - SYSTEM CONTROL NUMBER
System control number EN-104591
037 ## - SOURCE OF ACQUISITION
Source of stock number/acquisition DBAD/PUB
082 ## - DEWEY DECIMAL CLASSIFICATION NUMBER
Classification number 355.6212
100 ## - MAIN ENTRY--PERSONAL NAME
Personal name Sethi, Sanjay
245 ## - TITLE STATEMENT
Title Creating best value options in defence procurement :
Statement of responsibility, etc by Sanjay Sethi
Remainder of title application of operations research in source selection /
260 ## - PUBLICATION, DISTRIBUTION, ETC. (IMPRINT)
Place of publication, distribution, etc New Delhi
Name of publisher, distributor, etc KW Publishers
Date of publication, distribution, etc 2016
270 ## - ADDRESS
Address 4676/21, First Floor, Ansari Road, Daryaganj
City New Delhi
Postal code 110002
300 ## - PHYSICAL DESCRIPTION
Extent x,144p.
Dimensions 23cm(pbk)
Other physical details ill.
942 ## - ADDED ENTRY ELEMENTS (KOHA)
Source of classification or shelving scheme Dewey Decimal Classification
Item type English Books
Classification part 355.6216
Call number suffix SET
Holdings
Withdrawn status Lost status Not for loan Collection code Home library Current library Date acquired Source of acquisition Cost, normal purchase price Full call number Barcode Copy number Cost, replacement price Koha item type
      Non-fiction Patel Nagar Patel Nagar 25/10/2017 DBAD/PUB 480.00 355.6216 SET EN-104591 1 480.00 English Books

© Delhi Public Library
Hit Counter
free hit counter